|
|
|
|
| LEADER |
00000nab a2200000 a 4500 |
| 001 |
vtls000478877 |
| 003 |
SK-MaSNL |
| 005 |
20260304002951.0 |
| 008 |
230217c1992 xo 0 cze |
| 015 |
|
|
|a SNBRB19rr/mm-uuuuu
|
| 035 |
|
|
|a CL0479012
|
| 035 |
|
|
|a urn:nbn:sk:snk-abbnab
|
| 035 |
|
|
|a (urnnbn)urn:nbn:sk:snk:ar-001l75
|
| 035 |
|
|
|a (uuid)ac23fd78-3acb-46bd-a3a0-828d6509b65c
|
| 040 |
|
|
|a SNKBUCL
|b slo
|c SNKBUCL
|e AACR2
|
| 041 |
0 |
|
|a cze
|
| 044 |
|
|
|a xo
|c SK
|
| 080 |
|
|
|a 669.14-153.017:539.55:539.4
|2 1981
|
| 080 |
|
|
|a 539.55
|2 1981
|
| 080 |
|
|
|a 539.4
|2 1981
|
| 100 |
1 |
|
|a Strnadel, Bohumír,
|d 1956-
|4 aut
|9 8259
|
| 245 |
1 |
0 |
|a Lokální štěpná pevnost sferoidizovaných ocelí
|c Bohumír Strnadel, Karel Mazanec
|
| 300 |
|
|
|b Grafy 4, res. angl., čes., lit. 17 zázn. v angl.
|
| 650 |
0 |
7 |
|a ocele sferoidizované
|2 snkbucl
|9 1154786
|
| 650 |
0 |
7 |
|a štiepna pevnosť
|2 snkbucl
|9 1280998
|
| 655 |
|
7 |
|a články z novín a časopisov
|2 snkbucl
|9 267496
|
| 700 |
1 |
|
|a Mazanec, Karel,
|d 1925-2009
|4 aut
|9 212346
|
| 773 |
0 |
|
|t Kovové materiály
|g Roč. 30, č. 2 (1992), s. 139-148
|x 0023-432X
|
| 850 |
|
|
|a Slovenská národná knižnica v Martine
|a MTA001
|
| 852 |
|
|
|a SNK
|b KIS3GCP
|
| 954 |
|
|
|a odborná, vedecká literatúra cudzojazyčná (svetová)
|2 lita
|
| 958 |
|
|
|a NB
|
| 958 |
|
|
|a RK
|
| 958 |
|
|
|a OND
|
| 958 |
|
|
|a EUIPO
|
| 958 |
|
|
|a article15
|
| 992 |
|
|
|a RBX
|
| 999 |
|
|
|c 2544717
|d 2546647
|